| 000 | 01290nam a2200301 a 4500 | ||
|---|---|---|---|
| 001 | 000047556 | ||
| 005 | 20240409110227.0 | ||
| 008 | 150206s2010 dr ac r 000 0 spa d | ||
| 020 | _a9789945443622 (serie) | ||
| 020 | _a9789945443547 (v. 157) | ||
| 040 |
_aDO-SdBNP _bspa _cBNPHU |
||
| 082 |
_aRD860.8 _bC744o, 2009 |
||
| 111 | 2 |
_aConcurso de Arte y Literatura Bancentral _n(13 : _d2009 : _cSanto Domingo, República Dominicana) _975194 |
|
| 245 | 1 | 0 |
_aObras premiadas : decimotercer concurso de arte y literatura Bancentral 2009 / _cpresentación Héctor Valdez Albizu. |
| 260 |
_aSanto Domingo : _bBanco Central de la República Dominicana, _c2010. |
||
| 300 |
_a178 p. : _bil., retrs. ; _c24 cm. |
||
| 490 | 1 |
_aBanco Central de la República Dominicana _v157 |
|
| 490 | 1 |
_aObras premiadas _v13 |
|
| 590 | _aInventariado, 2018/YL | ||
| 650 | 4 |
_aCuentos dominicanos _ySIGLO XXI _943522 |
|
| 650 | 4 |
_aCertámenes literarios _ySIGLO XXI _943523 |
|
| 650 | 0 |
_aLiteratura dominicana _ySiglo XXI _943524 |
|
| 650 | 4 |
_aPremios literarios _ySIGLO XXI _943525 |
|
| 650 | 4 |
_aArte y literatura _ySIGLO XXI _975187 |
|
| 700 | 1 |
_aValdez Albizu, Héctor, _d1947- _epres. _912322 |
|
| 830 | 0 |
_aBanco Central de la República Dominicana. _v157 _pObras premiadas _n13 _975195 |
|
| 910 | _aValidado, 2019/MFF | ||
| 999 |
_c47044 _d47044 |
||